000 01063nam a2200301 4500
005 20240530110443.0
008 150423s2010 su do g b 000 0 ara d
017 _a1430/5968
_bالسعودية . مكتبة الملك فهد الوطنية
020 _a978603800564
040 _aEG-CaGPL
082 0 4 _221
_a150\
_bإ ت
100 0 _aاسماعيل الفقى
245 1 0 _aتاريخ علم النفس الحديث /
_cاسماعيل الفقى
250 _aط1
260 _aالرياض :
_bدار الزهراء للنشر والتوزيع ،
_c2010 .
300 _a256 ص :
_bايض ؛
_c24 سم
504 _aببليوجرافية : ص 231 - 243
650 0 4 _aعلم النفس
650 0 4 _aعلم النفس
_xمدارس
650 0 4 _aعلم النفس التجريبى
650 0 4 _aالخلود عند افلاطون
650 0 4 _aالسعادة
650 0 4 _aالعدالة
650 0 4 _aالجدل عند سقراط
650 0 4 _aعلم النفس
_xطرق بحث
650 0 4 _aعلم النفس الحديث
942 _2ddc
_cBK
999 _c61098
_d61098